| 000 | 00587nam a2200229Ia 4500 | ||
|---|---|---|---|
| 008 | 191119s9999 xx 000 0 und d | ||
| 020 | _a978-0-525-57361-6 | ||
| 050 | _aMAIN BF 637.S4 | ||
| 050 | _b.C45 2012 | ||
| 100 | _aChidiac, Daniel. | ||
| 245 | 0 | _aWho says you can't? You do / | |
| 245 | 0 | _cDaniel Chidiac. | |
| 260 | _aNew York : | ||
| 260 | _bHarmony Books, | ||
| 260 | _c2012 | ||
| 300 | _a336 pages : | ||
| 300 | _c21 cm. | ||
| 650 | _aAdjustment (Psychology). | ||
| 650 | _aSelf-acceptance. | ||
| 650 | _xChange (Psychology). | ||
| 650 | _xSelf-realization. | ||
| 999 |
_c363134 _d363134 |
||